| 000 | 00460nam a2200181Ia 4500 | ||
|---|---|---|---|
| 001 | 16082 | ||
| 005 | 20260306170243.0 | ||
| 008 | 260306t2016||||xx |||||||||||||| ||und|| | ||
| 041 | _aESP | ||
| 082 |
_a346.6 _bM86 |
||
| 100 |
_aMorales Moreno, Antonio-Manuel _eAUT |
||
| 245 | 0 | _aClaves de la modernizaciòn del derecho de contratos | |
| 260 | _c2016 | ||
| 300 |
_a124 pƔginas : _c24 cm. |
||
| 650 | _aGEN | ||
| 654 | _aCDE | ||
| 942 |
_cLIB _dJUS _fJUS _2ddc _n |
||
| 999 |
_c16082 _d16082 |
||